| 000 | 01270cam a2200373 a 4500 | ||
|---|---|---|---|
| 001 | 4011 | ||
| 003 | FISKH | ||
| 005 | 20240531083745.0 | ||
| 008 | 070122s2006 nyua j 000 1 eng d | ||
| 010 | _a 2007295190 | ||
| 020 | _a9780689852909 | ||
| 020 | _a0689852908 | ||
| 035 | _a(OCoLC)ocm71257473 | ||
| 035 | _a(OCoLC)71257473 | ||
| 040 |
_aUUC _cUUC _dBAKER _dXY4 _dVP@ _dEHH _dDLC _beng |
||
| 042 |
_alccopycat _alcac |
||
| 050 | 0 | 0 |
_aPE1155 _b.D59 2006 |
| 082 | 0 | 4 |
_a813.54 _222 |
| 100 | 1 | _aDiTerlizzi, Tony. | |
| 245 | 1 | 0 |
_aG is for one gzonk! : _ban alpha-number-bet book / _cby Tiny DiTerlooney (a.k.a. Tony DiTerlizzi). |
| 260 |
_aNew York : _bSimon & Schuster Books for Young Readers, _c2006. |
||
| 300 |
_a72 unnumbered pages : _bcolor illustrations ; _c32 cm |
||
| 505 | _aG | ||
| 520 | _aWelcome to a silly take on the alphabet with numbers scattered about. Read it and you'll have lots of fun. | ||
| 521 | 8 |
_a370
_bLexile estimate |
|
| 521 | 8 |
_aG
_bRaz-Plus |
|
| 650 | 0 |
_aEnglish language _xAlphabet _vJuvenile literature. |
|
| 650 | 0 |
_aCounting _vJuvenile literature. |
|
| 650 | 0 | _aStories in rhyme. | |
| 650 | 1 |
_aCounting _vFiction. |
|
| 906 |
_a7 _bcbc _ccopycat _d2 _encip _f20 _gy-gencatlg |
||
| 942 |
_2ddc _cBK _n0 |
||
| 999 |
_c4011 _d4011 |
||